000 00704nam a2200289Ia 4500
005 20260324112952.0
008 008 260324s9999 xx 000 0 eng d
020 _a9781003409250
037 _aEBOOK
040 _aCRL
040 _beng
040 _cCRL
041 _2eng
041 _aeng
084 _qCRL
100 _aDavid Scott; Sandra Leaton Gray
_91144884
245 0 _aIntelligence, Sapience and Learning
245 0 _bConcepts, Framings and Practices
260 _bTaylor and Francis
260 _c2024
365 _a
365 _b230
856 _uhttp://www.taylorfrancis.com/books/9781003409250
942 _cEBOOK
999 _c1734288
_d1734288